Weezer - Green Album Songs - Statistics

General Stats
  • This quiz has been taken 30 times
  • The average score is 7 of 11
Answer Stats
Listens Song % Correct
838,675,433 Island In The Sun
100%
6,685,860 Crab
84%
163,106,479 Hash Pipe
79%
4,773,688 O Girlfriend
74%
13,744,171 Photograph
68%
7,026,813 Don't Let Go
63%
3,962,049 Glorious Day
58%
4,333,838 Simple Pages
58%
4,821,952 Smile
58%
5,517,546 Knockdown Dragout
53%
176,077 I Do
32%
No matching quizzes found
Score Distribution
Percent of People with Each Score
Percentile by Number Answered
Your Score History
You have not taken this quiz